00261nam a2200109Ia 45000030006000000080041000060400015000472450051000622600009001135460012001220050017001340STCL150530s9999 xx 000 0 und d aSTCLcSTCL aSome problems of Shakespeares Henry the Fourth c1924 aEnglish20220125170952.0